• 首页
  • 本馆介绍
  • 公告通知
  • 最新文献
  • 馆藏检索
  • 电子资源
  • 读者导购
  • 参考咨询
  • 我的图书馆
  • 登录
  • 详细信息显示
  • 放入我的书架
  • 预约/预借图书
  • 作者相关作品
  • 分类相关作品
  • 丛书相关作品
  • 出版社相关作品

书目信息

  • 表格格式
  • 工作单格式
  • 卡片格式
题名:
中文版UG NX6模具设计与加工经典学习手册
    
 
作者: 黄成 编著
分册:  
出版信息: 北京   兵器工业出版社  2009.01
页数: 12,392页
开本: 26cm
丛书名: CAD/CAM经典学习丛书
单 册:
中图分类: TG760.2 , TG760.2-62
科图分类:
主题词: 模具--计算机辅助设计--应用软件 , 模具 , 计算机辅助设计 , 应用软件
电子资源:
ISBN: 978-7-80248-278-4
000 01137oam2 22003251 450
001 004085351
005 20100713052842.0
010    @a978-7-80248-278-4@dCNY42.00
100    @a20090306d2009 em y0chiy50 ea
101 0  @achi
102    @aCN@b110000
105    @ay z 000yy
200 1  @a中文版UG NX6模具设计与加工经典学习手册@9zhong wen ban UG NX6 mu ju she ji yu jia gong jing dian xue xi shou ce@f黄成编著
210    @a北京@c兵器工业出版社@c北京希望电子出版社@d2009.01
215    @a12,392页@d26cm@e1光盘
225 2  @aCAD/CAM经典学习丛书
307    @a附光盘 ISBN 978-7-89498-810-2
330    @a本书介绍使用UG的建模模块和Mold Wizard模块设计模具的方法,分为模具基础篇、UG模具设计篇、实战篇,包括模具设计基础、UG NX6概述、UG成型系统设计等内容。
461  0 @12001 @aCAD/CAM经典学习丛书
606 0  @a模具@x计算机辅助设计@x应用软件
606 0  @a模具
606 0  @a计算机辅助设计
606 0  @a应用软件
610 0  @aUG NX
690    @aTG760.2@v5
690    @aTG760.2-62@v4
701  0 @a黄成@9huang cheng@c(计算机)@4编著
801  0 @aCN@b91MARC@c20101222
905    @aBZT@dTG760.2-62@e2
906    @dCNY42.00@n0@r1
    
    中文版UG NX6模具设计与加工经典学习手册/黄成编著.-北京:兵器工业出版社:北京希望电子出版社,2009.01
    12,392页;26cm+1光盘.-(CAD/CAM经典学习丛书)
    
    
    ISBN 978-7-80248-278-4:CNY42.00
    本书介绍使用UG的建模模块和Mold Wizard模块设计模具的方法,分为模具基础篇、UG模具设计篇、实战篇,包括模具设计基础、UG NX6概述、UG成型系统设计等内容。
●
相关链接 在五车中查询图书 在当当中查询图书 在豆瓣中查询图书


正题名:中文版UG NX6模具设计与加工经典学习手册     索取号:TG760.2-62/2         预约/预借

序号 登录号 条形码 馆藏地/架位号 状态 备注
1 757751   2000757751   样本书库/样004架B面4层3列/ [索取号:TG760.2-62/2] 在馆    
2 757752   2000757752   中心书库中库/ 中库030架A面1列1层24/ [索取号:TG760.2-62/2] 在馆    
3 757753   2000757753   中心书库中库/ 中库030架B面8列6层16/ [索取号:TG760.2-62/2] 在馆    
4 757754   2000757754   中心书库中库/ 中库030架A面1列1层25/ [索取号:TG760.2-62/2] 在馆    
5 757755   2000757755   中心书库中库/ 中库030架B面8列6层17/ [索取号:TG760.2-62/2] 在馆    
6 757756   2000757756   中心书库中库/ 中库030架A面1列1层23/ [索取号:TG760.2-62/2] 在馆    
山东省滨州职业学院图书馆 欢迎您!
大连网信软件有限公司© 版权所有